[Event "Nikaia op 14th"]
[Site "Nikaia"]
[Date "2006.08.??"]
[Round "8"]
[White "Drakakis, Giannis"]
[Black "Koutsogiannis, Efthymios"]
[Result "0-1"]
[WhiteElo "2500"]
[BlackElo "2500"]
[PlyCount "187"]
[EventDate "2006.08.??"]
[EventType "swiss"]
[EventRounds "9"]
[EventCountry "GRE"]
[SourceTitle "EXT 2008"]
[Source "ChessBase"]
[SourceDate "2007.11.25"]
[SourceVersion "1"]
[SourceVersionDate "2007.11.25"]
[SourceQuality "1"]

1. e4 e5 2. Nf3 Nc6 3. d4 exd4 4. c3 d5 5. exd5 Qxd5 6. cxd4 Bg4 7. Be2 0-0-0 8. Nc3 Bb4 9. 0-0 Qa5 10. Ng5 Bxe2 11. Qxe2 Nxd4 12. Qc4 Nh6 13. Be3 b5 14. Qb3 Nxb3 15. axb3 Bxc3 16. bxc3 Qxc3 17. Rxa7 Qxb3 18. Ne4 Kb8 19. Nc5 Kxa7 20. Ra1+ Kb8 21. Nxb3 Nf5 22. Ba7+ Kc8 23. g4 Nd6 24. Bd4 Nb7 25. h3 f6 26. g5 Rhg8 27. f4 fxg5 28. fxg5 g6 29. Ra8+ Kd7 30. Ra7 Kc6 31. Ra6+ Kd5 32. Ra7 Rb8 33. Bf2 Rgc8 34. Bg3 Nd6 35. Ra1 Nf5 36. Rd1+ Kc4 37. Na5+ Kc3 38. Be1+ Kc2 39. Rd2+ Kb1 40. Rd1+ Kb2 41. Rd2+ Ka3 42. Rd3+ Ka4 43. Rd1 b4 44. Nc6 Rb6 45. Ra1+ Kb3 46. Nxb4 Rxb4 47. Rb1+ Kc4 48. Rxb4+ Kd5 49. Rb7 Nd6 50. Ra7 Nb5 51. Ra2 c5 52. Rd2+ Nd4 53. Bf2 Re8 54. Kf1 Re5 55. h4 Re4 56. Ra2 Nf5 57. Ra5 Rc4 58. Ra7 Nxh4 59. Rxh7 Nf5 60. Rf7 Rg4 61. Rc7 Nd4 62. Be3 Ne6 63. Rc8 Re4 64. Kf2 Nd4 65. Rf8 Re6 66. Rd8+ Ke4 67. Rc8 Kd3 68. Ra8 c4 69. Bc1 Kc2 70. Be3 Kd3 71. Bc1 Nb3 72. Rd8+ Kc2 73. Be3 c3 74. Ke2 Kb2 75. Kd3 c2 76. Rc8 Rxe3+ 77. Kxe3 c1Q+ 78. Rxc1 Kxc1 79. Ke4 Nd2+ 80. Kf4 Kd1 81. Ke5 Nf3+ 82. Kf4 Ke2 83. Kg4 Ke3 84. Kg3 Nxg5 85. Kg2 Kf4 86. Kf2 Nf3 87. Kg2 g5 88. Kf2 g4 89. Kg2 g3 90. Kf1 Kg4 91. Kg2 Nh2 92. Kg1 Kh3 93. Kh1 g2+ 94. Kg1 0-1